Welcome to the Holygrace Academy Library

Please use search bar below to get started

EKLAVYA (Record no. 2445)

MARC details
000 -LEADER
fixed length control field 00342nam a22001577a 4500
020 ## - INTERNATIONAL STANDARD BOOK NUMBER
ISBN 81-7604-967-0
082 ## - DEWEY DECIMAL CLASSIFICATION NUMBER
Classification number 823
Item number BHA/E
100 ## - MAIN ENTRY--AUTHOR NAME
Personal name BHARAT
245 ## - TITLE STATEMENT
Title EKLAVYA
Remainder of title SHORT STORY
246 ## - VARYING FORM OF TITLE
Title proper/short title EKLAVYA
Remainder of title SHORT STORY
260 ## - PUBLICATION, DISTRIBUTION, ETC. (IMPRINT)
Place of publication DELHI
Name of publisher RAJA POCKET BOOKS
300 ## - PHYSICAL DESCRIPTION
Number of Pages 48
520 ## - SUMMARY, ETC.
Summary, etc SHORT STORY
650 ## - SUBJECT ADDED ENTRY--TOPICAL TERM
Topical Term SHORT STORY
942 ## - ADDED ENTRY ELEMENTS (KOHA)
Koha item type Books
Holdings
Withdrawn status Lost status Collection code Home library Current library Shelving location Date acquired Source of acquisition Cost, normal purchase price Full call number Accession Number Koha item type
    Fiction Main Library Main Library SHELF 4-D MYTHOLOGY 11/12/2019 Purchase 50.00 823 BHA/E 12273 Books